Bacteriófagos / (Registro nro. 8209)

Detalles MARC
000 -CABECERA
Campo de control interno 01735nam a2200241Ia 4500
008 - ELEMENTOS DE LONGITUD FIJA - INFORMACIÓN GENERAL
Campo de control de longitud fija 260220t1973||||xx |||||||||||||| ||spa||
040 ## - FUENTE DE CATALOGACIÓN
Agencia de catalogación original PY-SlUNAC
Idioma de catalogación spa
Convenciones de descripción rda
041 ## - CÓDIGO DE IDIOMA
Código de idioma para texto/pista de sonido o título separado spa
082 ## - NÚMERO DE CLASIFICACIÓN DECIMAL DEWEY
Clasificación Decimal Dewey (CDD) 576.648 2
Clasificación Expansiva de Cutter (EC) Es64b
100 ## - ASIENTO PRINCIPAL - NOMBRE PERSONAL
Nombre personal Espejo T., Romilio
Rol del autor Autor
245 #0 - TÍTULO
Título Bacteriófagos /
Mención de responsabilidad por Romilio Espejo T. [Autor]
264 ## - PIE DE IMPRENTA
Lugar Washington D. C. :
Editorial Organización de los Estados Americanos,
Año ℗1973.
300 ## - DESCRIPCIÓN FÍSICA
Páginas 1 volumen
520 ## - NOTA DE RESUMEN
Nota de resumen El libro "Bacteriófagos", escrito por Romilio Espejo T., ofrece un análisis exhaustivo sobre los bacteriófagos, virus que infectan bacterias y que han cobrado relevancia en el ámbito de la microbiología y la biotecnología. A lo largo de sus capítulos, el autor examina la estructura, ciclo de vida y mecanismos de acción de estos virus, destacando su potencial en el tratamiento de infecciones bacterianas resistentes a antibióticos. Además, Espejo T. aborda las aplicaciones terapéuticas de los bacteriófagos, así como sus implicaciones en la salud pública y la industria. El texto también incluye discusiones sobre los métodos de aislamiento y caracterización de estos fagos, así como los desafíos éticos y regulatorios que surgen en su uso clínico. Esta obra se convierte en una referencia esencial para investigadores y profesionales en el campo de la microbiología, al proporcionar una comprensión profunda de los bacteriófagos y su importancia en el desarrollo de nuevas estrategias antimicrobianas.
653 ## - MATERIA - TÉRMINO TEMÁTICO NO CONTROLADO (PALABRAS CLAVE)
Materia - término temático no controlado (palabras clave) Bacteriófagos
653 ## - MATERIA - TÉRMINO TEMÁTICO NO CONTROLADO (PALABRAS CLAVE)
Materia - término temático no controlado (palabras clave) Biotecnología
653 ## - MATERIA - TÉRMINO TEMÁTICO NO CONTROLADO (PALABRAS CLAVE)
Materia - término temático no controlado (palabras clave) Microbiología
942 ## - ELEMENTOS PERSONALIZADOS (KOHA)
Fecha catalogación 2026/02/17
Tipo de documento Libros
Existencias
Fuente de Clasificacion Colección Ubicacion permanente Biblioteca actual Fecha de Ingreso a la Biblioteca Origen de adquisición Código de ubicación Código de barras Tipo de Item KOHA Nota pública
Dewey Decimal Classification Colección General (CG) Biblioteca e Internet, Facultad de Ciencias Exactas y Naturales Biblioteca e Internet, Facultad de Ciencias Exactas y Naturales 02/20/2026 Donación 576.6482 Es64b CG1569 Libros Material disponible en la Biblioteca e Intenet, Campus UNA, San Lorenzo.